000 00304nam a22001337a 4500
008 181015b xxu||||| |||| 00| 0 eng d
020 _a0126328501
041 _aeng
080 _a316
100 _a50
101 _aSOC
245 _aRadical Protest and Social Structure
_cSchwartz,M
942 _2udc
_cBK
999 _c49709
_d49709